| 000 | 01297cam a22003015a 4500 | ||
|---|---|---|---|
| 003 | EG-ScBUE | ||
| 005 | 20220418111708.0 | ||
| 008 | 091101t1995 maua f b 001 0 eng d | ||
| 020 | _a0838458106 | ||
| 020 | _a9780838458105 | ||
| 040 |
_aEG-ScBUE _beng _erda _cEG-ScBUE _dEG-ScBUE |
||
| 082 | 0 | 4 |
_a420.7 _bBRO _222 |
| 100 | 1 |
_aBrown, James Dean, _eauthor. _97752 |
|
| 245 | 1 | 4 |
_aThe elements of language curriculum : _ba systematic approach to program development / _cJames Dean Brown, University of Hawaii at Manoa. |
| 264 | 1 |
_aBoston, Massachusetts : _bHeinle and Heinle Publishers, _c[1995] |
|
| 264 | 4 | _cc1995 | |
| 300 |
_ax, 262 pages : _billustrations ; _c22 cm |
||
| 336 |
_2rdacontent _atext _btxt |
||
| 337 |
_2rdamedia _aunmediated _bn |
||
| 338 |
_2rdacarrier _avolume _bnc |
||
| 504 | _aIncludes bibliographical references and index. | ||
| 520 | _aProvides a practical, comprehensive overview of the different phases and activities involved in developing and implementing a sound, rational, and effective language program. This title describes and exemplifies the elements of language curriculum design. | ||
| 650 | 7 |
_aLanguage and languages _xStudy and teaching. _2BUEsh |
|
| 651 | _2BUEsh | ||
| 653 |
_bHHUUEENN _cAugust2018 |
||
| 655 |
_vReading book _934232 |
||
| 942 |
_2ddc _cBB |
||
| 999 |
_c12845 _d12845 |
||